[Event "2nd Silman TNM: u1600"]
[Site "San Francisco"]
[Date "2025.06.03"]
[Round "5.6"]
[White "Fitzgerald, William"]
[Black "Hack, Richard"]
[Result "1/2-1/2"]
[Annotator "Winslow,Elliott"]
[WhiteElo "1263"]
[BlackElo "1500"]
[PlyCount "96"]
[GameId "2185264548230746"]
[EventDate "2025.??.??"]

1. e4 {[%emt 0:00:02]} c5 {[%emt 0:00:05]} 2. Nf3 {[%emt 0:00:03]} d6 {[%emt 0:00:06]} 3. Bb5+ {[%emt 0:00:04]} Bd7 {[%emt 0:01:27]} 4. c4 {[%emt 0:00:14]} Nf6 {[%emt 0:00:51]} 5. Nc3 {[%emt 0:00:39]} a6 {[%emt 0:00:41]} 6. Ba4 {[%emt 0:01:54]} e6 {[%emt 0:00:50]} 7. d3 {[%emt 0:01:54]} Nc6 {[%emt 0:00:40]} 8. Be3 {[%emt 0:01:58]} Be7 {[%emt 0:00:30]} 9. d4 {[%emt 0:02:56]} cxd4 {[%emt 0:03:31]} 10. Nxd4 {[%emt 0:01:19]} Rc8 {[%emt 0:00:44]} 11. Bxc6 {[%emt 0:06:48]} Bxc6 {[%emt 0:00:57]} 12. Qb3 {[%emt 0:00:44]} Qc7 {[%emt 0:04:34]} 13. f3 {[%emt 0:02:06]} O-O {[%emt 0:01:23]} 14. Rc1 {[%emt 0:04:01]} Nd7 {[%emt 0:03:23]} 15. Nxc6 {[%emt 0:03:11]} Qxc6 {[%emt 0:01:18]} 16. Na4 {[%emt 0:01:27]} Bh4+ {[%emt 0:04:51]} 17. g3 {[%emt 0:00:46]} Bd8 {[%emt 0:01:53]} 18. O-O {[%emt 0:01:51]} Nc5 {[%emt 0:04:37]} 19. Nxc5 {[%emt 0:04:21]} dxc5 {[%emt 0:00:15]} 20. Rfd1 {[%emt 0:01:14]} Bf6 {[%emt 0:01:43]} 21. Rd3 {[%emt 0:01:32]} Rfd8 {[%emt 0:01:42]} 22. Rcd1 {[%emt 0:00:26]} Rxd3 {[%emt 0:00:45]} 23. Qxd3 {[%emt 0:02:59]} h6 {[%emt 0:05:43]} 24. b3 {[%emt 0:01:28]} Rd8 {[%emt 0:01:23]} 25. Qc2 {[%emt 0:00:14]} Bd4 {[%emt 0:01:25]} 26. Kf1 {[%emt 0:01:19]} e5 {[%emt 0:02:16]} 27. Bxd4 {[%emt 0:04:28]} exd4 {[%emt 0:02:37]} 28. Qd2 {[%emt 0:01:15]} Re8 {[%emt 0:02:41] (It's right on the border between  and  (that's =+ and ))} 29. b4 $2 {[%emt 0:01:36] (But now it's -+ after} b6 $1 $19 {[%emt 0:01:16]} 30. bxc5 {[%emt 0:01:07]} bxc5 {[%emt 0:00:30]} 31. Qa5 $2 {[%emt 0:00:18]} f5 $1 {[%emt 0:01:14] (The numbers have leaped in Black's favor)} (31... Rb8 $19 {is good of course, but not as good}) 32. Re1 {[%emt 0:02:38] [#]} fxe4 {[%emt 0:00:54] Totally winning...} ({...but} 32... d3 $1 {soars to new heights of "White is dead"}) 33. fxe4 $6 {[%emt 0:00:21] [#]} (33. Rxe4 Rxe4 34. fxe4 Kh7 $1 (34... Qxe4 $2 35. Qxc5 {White can hold})) 33... Qf6+ {[%emt 0:04:22]} (33... d3 $1 {Again, -6.70 or so...}) 34. Kg2 {[%emt 0:00:54]} Rf8 {[%emt 0:00:53]} 35. Qd2 {[%emt 0:00:40]} Qf3+ {[%emt 0:05:14]} 36. Kg1 {[%emt 0:00:56]} h5 $1 {[%emt 0:00:22] Protected and/or more dangerous passed pawn, better king safety, these advantages matter -- a lot.} 37. e5 {[%emt 0:02:14]} h4 $8 {[%emt 0:02:24]} 38. Qg2 {[%emt 0:00:49]} hxg3 {[%emt 0:01:19]} 39. hxg3 {[%emt 0:00:18]} Qxg2+ {[%emt 0:01:22]} 40. Kxg2 {[%emt 0:00:04] [#]} Re8 $4 $11 {[%emt 0:00:24]} (40... Kf7 $1 41. e6+ Kf6 $1 (41... Ke7 $2 42. Re5 $1 $11 {Everything works for White, Black can't hold it all together.}) 42. Rf1+ {(else Black just plays ...Re8 and White loses the pawn and the game)} Ke7 43. Re1 Kd6 (43... Rd8 {is less to the point}) 44. Re4 $5 g6 $1 45. e7 Re8 46. Rg4 Rxe7 47. Rxg6+ Ke5 $1 (47... Re6 $2 $17) 48. Rg5+ (48. Rc6 d3 {[%cal Ge5d4,Gd4c3,Gd3d2,Ge7e1]}) 48... Ke4 49. Rxc5 Ke3 $1 {[#] and the numbers just got very big for Black}) 41. Kf3 $11 {[%emt 0:00:15] 0.00 across the legal move list} Kf7 {[%emt 0:00:12]} 42. Ke4 {[%emt 0:04:28]} Ke6 {[%emt 0:01:00]} 43. Rb1 $1 {[%emt 0:02:23]} (43. Rf1 $11) 43... Kf7 $4 {[%emt 0:05:26]} (43... Rd8 44. Rb6+ Kf7 45. e6+ (45. Rb7+ $11) 45... Kf6 46. Kd3 $11) 44. Rb7+ $18 {[%emt 0:04:37]} Re7 {[%emt 0:00:26]} 45. Rb6 $1 {[%emt 0:00:05]} Re6 {[%emt 0:00:25]} 46. Rb7+ $6 {[%emt 0:01:21]} Re7 {[%emt 0:02:14]} 47. Rb6 {[%emt 0:00:11]} Re6 {[%emt 0:02:25] [#] I think the key point is, Black can't put his king on e6 for now, so White can get king to f5, forcing ...g6+, then back to e4 (and Kd3 maybe), then rook in somewhere, notably f6.) Or, pick up the c- and the d-pawns. Can this be? Apparently. Play with it for a while, you'll see. There are even some Zugzwangs there. But not so easy, admittedly, to notice.} 48. Rb7+ $4 {[%emt 0:00:27]} (48. Rb3 $18 Re7 49. Kf5 g6+ 50. Ke4 Re8 51. Rf3+ Ke7 52. Rf6) (48. Rb2 $18) (48. Rb1 $18) 48... Re7 {[%emt 0:00:31]} 1/2-1/2

[Event "2nd Silman TNM: u1600"]
[Site "San Francisco"]
[Date "2025.06.03"]
[Round "5.26"]
[White "Vazquez, Dominic A"]
[Black "Quinn, Dahlia"]
[Result "1/2-1/2"]
[WhiteElo "1217"]
[BlackElo "1329"]
[PlyCount "64"]
[GameId "2185671328270089"]
[EventDate "2025.??.??"]

1. e4 d5 2. exd5 Qxd5 3. Nc3 Qd6 4. d4 Nf6 5. Nf3 c6 6. g3 Bg4 7. Bg2 e6 8. Bf4 Qb4 9. Qd2 Nd5 10. Nxd5 Qxd2+ 11. Nxd2 exd5 12. O-O Be7 13. Rfe1 Be6 14. b3 O-O 15. a3 Nd7 16. Bh3 Bxh3 17. Rxe7 Rfe8 18. Rae1 Be6 19. Rxe8+ Rxe8 20. c4 Nf6 21. Bg5 Rd8 22. c5 b6 23. Rc1 Rc8 24. Nf3 Nd7 25. b4 f6 26. Be3 g5 27. Kg2 Bf5 28. Nd2 Kf7 29. Re1 Re8 30. Rc1 Rc8 31. Re1 Re8 32. Rc1 Rc8 1/2-1/2

[Event "2nd Silman TNM: u1600"]
[Site "San Francisco"]
[Date "2025.06.03"]
[Round "5.28"]
[White "Brickhouse, Christian"]
[Black "Sloan, Sacha Marino"]
[Result "0-1"]
[WhiteElo "1267"]
[BlackElo "1056"]
[PlyCount "50"]
[GameId "2185671328270091"]
[EventDate "2025.??.??"]

1. d4 d5 2. c4 e6 3. Nc3 Nf6 4. Nf3 c6 5. e3 dxc4 6. Bxc4 b5 7. Bd3 Be7 8. O-O O-O 9. e4 h6 10. Qc2 Bb7 11. Be3 Nbd7 12. Rac1 a6 13. a3 c5 14. dxc5 Rc8 15. b4 Qc7 16. Ne2 Ne5 17. Nxe5 Qxe5 18. Bf4 Qh5 19. Nd4 e5 20. Be2 Qg6 21. Nf5 Rfe8 22. Bg3 Bxe4 23. Bd3 Qxf5 24. f3 Bxd3 25. Qxd3 Qxd3 0-1

[Event "2nd Silman TNM: u1600"]
[Site "San Francisco"]
[Date "2025.06.03"]
[Round "5.29"]
[White "Wickliffe, Zachary"]
[Black "Liu, Eric"]
[Result "1-0"]
[Annotator "Liu,Eric (Winslow,Elliott)"]
[WhiteElo "1347"]
[BlackElo "1307"]
[PlyCount "93"]
[GameId "2185251856758207"]
[EventDate "2025.??.??"]

{Ugh, this was pretty un-fun to play. I had a solid position into the middle game: able to castle into a fortress. 17. h4 was played, and I saw an opportunity to sac. I thought for 30-40min. I'm not the best at calculation but I didn't see any disasters. = Let's go! 2 pawns for a knight at worst right?! "You chose poorly", said the Holy Grail's guard-knight... thus began the last ~2.5 hrs of the game. I didn't realize how much trouble I was in from the get go but sure felt the long and steady grind toward resignation :'(} 1. e4 e6 2. d4 d5 3. e5 Bd7 4. Nf3 a6 5. Be3 Ne7 6. Bd3 Bb5 7. O-O Nf5 8. a4 Bxd3 9. Qxd3 h6 10. Nbd2 {[#]} Nd7 {Really wasn't sure about this. I felt I'd be in trouble if I couldn't play c5. But I don't think the knight 'belongs' on d7 here, and I wasn't sure where/how to develop it going forward... which shows in the game. (EW: Stockfish makes it the best,} ({tied with} 10... Be7 {-- pretty much even.}) 11. c3 ({EW:} 11. Rfc1 $5 {[%cal Gc2c4]}) 11... c5 12. g4 Nh4 13. h3 h5 14. Bg5 {[#]} Be7 (14... Nxf3+ $1 15. Nxf3 Be7 $11) 15. Bxe7 $6 (15. Bxh4 Bxh4 $11) 15... Qxe7 $17 {(EW: A subtle difference, but enough.)} 16. g5 {Black was going to play ...hxg4 and ...0-0-0, and the attack dogs...err, rooks rush in.} Nf5 $15 {[#]} (16... Nxf3+ $1 17. Nxf3 O-O $17) 17. h4 $2 (17. Rfc1 $15) {[#]} 17... Nxh4 $4 {30 or 40 min of "calculation" only to make a HORRIBLE choice. Ugh. Despite getting 2 pawns for the piece, Stockfish goes from -1.0 to +2.0.(EW: Actually -1.72/d30 vs. +2.56/d26, or -+ vs. +-) OUCH. I didn't see all the lines of course. I didn't even see the one my opponent played. But a big part of me WANTED to sac and in the end, my attitude was more like "looks like a reasonable attack, I'll figure it out. Let's go!" Otherwise I would have castled (into a fortress! completely safe kingside), had a beautiful knight on f5, and been ready to get rooks to the c-file. This was the way lol. Simple and solid. Ironically(?) if my opponent had played *anything* except h4 (which wasn't a good move either lol), I would have been fine. I guess the lesson here is... (barring blitz games), don't sac unless I see a concrete outcome. Some lines were obviously winning. Others I didn't know. But I defaulted to "sac!" where I should have defaulted to solid play. Wish I had something smarter to say about how to learn to assess these positions. I focused heavily on material count and didn't understand the positional implications of my sac at all.} (17... cxd4 $1 18. cxd4 Nf8 $17 19. Rfc1 Ng6 20. Qa3 Qxa3 21. Rxa3 {[#]} O-O $1 {(EW:The h-pawn isn't getting away)} ({EW: I'm the sort of player to like} 21... Kd7 $5 {but it's too exotic, and costs quite a bit (0-0 -1.79 vs. Kd7 -1.20)}) 22. Rc7 Rfc8 $1 23. Rac3 (23. Rxb7 $6 Rc1+ 24. Kh2 Rac8 25. Ra7 R8c2 26. Rc3 Rxc3 27. bxc3 Rxc3 28. Rxa6 Nfxh4 {(EW: I can understand not being at all sure about this sort of ending, but Stockfish is -- ("-4.09/d24")}) {EW: here is a line:} 23... Rxc7 24. Rxc7 a5 $1 25. Rxb7 Rc8 $1 {and again: Canned Tuna makes it "-2.88/d23", or -+.}) ({EW: Not as good -- but good -- is} 17... O-O $17 18. Rfb1 cxd4 (18... Rfc8) 19. cxd4 Rfc8) 18. Nxh4 $18 Qxg5+ 19. Ng2 h4 20. Qe3 (20. Kh1 $1) 20... Qg4 21. Kh2 O-O-O 22. Nf4 {[#]} g5 $4 {I totally missed Nh3. I think this is a pretty major blunder. (EW: not really, "??" is maybe too much: lost is lost, but it does drop 1.00 in value acc. to Fish 17.1) Stockfish score doesn't change that much, but as a practical matter, I made my opponent's game REALLY easy. With this, I lost the g-pawn and control of the now-open g-file... as well as any real hope of counterplay. I'd love to hear a high level player's thoughts, but I *think* I could have posed some problems by getting my queen to the f or h files and queen rook to g8. Exploring some lines w/Stockfish, I roughly feel like that would've required more precise play from White. I think my spirit "died" here. I played on but with basically no hope beyond my opponent blundering. (EW: White could anticipate any ...g5 with Nh3 and Rg1, and he probably should. Yep, looking through the various "alternatives" to 22...g5 I see those two moves getting played almost always in one order or another.)} 23. Nh3 Rdg8 24. Rg1 Qf5 25. Rxg5 Rxg5 26. Qxg5 Qc2 27. Ra2 $6 (27. Rg1 Qxb2 28. Qe3 Qa3 29. Nf3 cxd4 30. Nxd4 Qf8 31. Ng5 Rg8 32. a5 Qe7) 27... a5 {Stockfish prefers Kb1 or Kc7 here. It's important because there are several lines (including the game!) where White gets to play Nd6. And that it comes with check was pretty annoying.} 28. Qf4 Rh5 $6 (28... Rg8 29. Ra1 Qxb2 30. Rg1 Rxg1 31. Nxg1 Qxc3 32. Ngf3 cxd4 33. Qxf7) 29. Ng5 $6 (29. Qxf7 Rh8 30. Qxe6 Qxd2 31. Qxd5 cxd4 32. cxd4 Rf8 33. Ra1 Rxf2+ 34. Nxf2 Qxf2+) 29... cxd4 $6 (29... Qg6 30. Nh3 f6 31. Ra1 fxe5 32. dxe5 Rxe5 33. Rg1 Qf6 34. Rg4 Qxf4+ 35. Nxf4) 30. cxd4 Nb6 31. Nxf7 Rf5 $6 {Just an example of my spirit being dead LOL. I saw the fork but somehow thought this was an even trade??? wtf.} (31... Kb8 32. Nd6 Ka7 33. Ra1 Rh8 34. b3 Nc8 35. Nb5+ Ka8 36. Rg1 Na7 37. Nd6) 32. Nd6+ Kb8 33. Nxf5 exf5 34. e6+ Kc8 35. Qe3 Qc7+ 36. Kh3 Qe7 37. Nf3 Nc4 38. Qh6 Nd6 39. b3 Ne4 40. Rc2+ Kb8 41. Qh8+ Ka7 42. Qg8 Qd6 43. Ne5 Nf6 {I could have won the passed pawn with Qxe6 and Ng5 fork! Darn! /joke} 44. Qc8 Qb4 $6 (44... Ne4 45. Nc6+ bxc6 46. Qd7+ Kb6 47. Qxd6 Nxd6 48. Kxh4 Kc7 49. Kg5 Kd8 50. f3) 45. Qc5+ Qxc5 46. Rxc5 Kb6 $2 {Checkmate is now unavoidable. b6 was best.} (46... b6 47. Rc1 Ne8 48. e7 Kb7 49. Kxh4 b5 50. axb5 Ng7 51. Kg5 Ne8 52. Kg6) 47. Nd7+ 1-0

[Event "2nd Silman TNM: u1600"]
[Site "San Francisco"]
[Date "2025.06.03"]
[Round "5.30"]
[White "Toczyski, David Paul"]
[Black "Braithwaite, Andrew"]
[Result "1/2-1/2"]
[Annotator "Winslow,Elliott"]
[WhiteElo "1369"]
[BlackElo "1137"]
[PlyCount "72"]
[GameId "2185278384694995"]
[EventDate "2025.??.??"]

1. e4 c5 2. Nf3 g6 3. d4 cxd4 4. Nxd4 Nc6 5. Nc3 Bg7 6. Be3 Nf6 7. Bc4 O-O 8. Bb3 a5 9. O-O a4 10. Nxa4 Nxe4 11. Nb5 d5 (11... d6 12. Qe2 Nf6 13. c4 Bg4 14. f3 Be6 15. Rad1 Na5 16. Bb6 Qc8 17. Nc7 Nxb3 18. axb3 Rb8 19. Rfe1 Bd7 20. Qxe7 Bxa4 21. bxa4 Nd7 22. Qxd6 Nxb6 23. Qxb6 Bxb2 24. Nd5 Ba3 25. Nf6+ Kg7 26. Nd7 Qxc4 27. Qf6+ Kg8 28. Nxb8 Rxb8 29. Re4 Qc2 30. Rde1 Bf8 31. h4 h5 32. Re8 Rxe8 33. Rxe8 Qxa4 34. Qe7 Qa1+ 35. Kh2 Qg7 36. Rb8 b5 37. f4 Qh6 38. Kg3 Qg7 39. Kh2 Qh6 40. Qg5 Qxg5 41. hxg5 {Ibarra Jerez,J (2559)-Nguyen,N (2633) Chess.com INT 2024 1-0 (64)}) 12. Bb6 Qd7 13. Nc7 {was the old line (13.Qe2).} Rxa4 14. Bxa4 Bxb2 15. Qxd5 Nc3 16. Qxd7 Bxd7 17. Bb3 Bxa1 18. Rxa1 {[#]} Ne4 $146 {Leaves White with some advantage, which fades if you let computers at it for a while.} (18... Bf5 $11 {0.00} 19. Re1 Rd8 20. f3 Rd2 21. Be3 Rd1 22. Kf2 $11 {[#]} Nb4 $4 (22... Rd7 $1 {[%cal Gd7c7,Gc3d1,Gd1e3] -0.07/d21}) 23. Bc5 $1 $18 Rxe1 24. Kxe1 Nc6 25. Kd2 Nb1+ 26. Kc1 (26. Ke3) 26... Nc3 27. g4 Be6 $6 (27... Bd7 28. Kd2 Nb1+ 29. Ke3 $18 (29. Kd3 $18 h5 30. gxh5 gxh5 31. Nd5) (29. Ke2 $18 {even})) (27... Bc8 28. Kd2 Nb1+ 29. Ke3) 28. Nxe6 fxe6 29. Bxe6+ Kf8 30. Bb3 (30. Kd2 $1) 30... Ne2+ 31. Kd2 Ned4 32. Ke3 Nxb3 33. axb3 Kf7 34. Ke4 Ke6 35. b4 $6 b5 $6 (35... b6 36. b5 Na7) 36. f4 Kd7 37. f5 Nd8 38. h4 Nf7 39. fxg6 hxg6 40. h5 gxh5 41. gxh5 Ke6 42. Bd4 Nd6+ 43. Kf4 Nf5 44. Ba1 Nh6 45. Kg5 Nf7+ 46. Kg6 {1-0 (46) Viani,A (2397)-Decuigniere,T (2292) Chess.com INT 2022}) 19. Re1 Nd6 20. Nd5 Be6 21. c4 h5 22. a4 Rc8 23. a5 Kf8 24. f3 Bxd5 25. cxd5 Nb4 26. Bd4 Nc2 27. Bxc2 Rxc2 28. Rb1 Rc4 29. Bb6 Ke8 30. Rb2 Ra4 31. Bc7 Kd7 32. Bxd6 Kxd6 33. Rb6+ Kc7 34. Rb5 Ra2 35. h4 Kd6 36. Rb6+ Kc7 1/2-1/2

[Event "2nd Silman TNM: u1600"]
[Site "San Francisco"]
[Date "2025.06.03"]
[Round "5.31"]
[White "Otterbach, Renate"]
[Black "Turner, Robert"]
[Result "0-1"]
[WhiteElo "1113"]
[BlackElo "1230"]
[PlyCount "104"]
[GameId "2185671328270094"]
[EventDate "2025.??.??"]

1. e4 c5 2. Nc3 Nc6 3. f4 g6 4. Nf3 Bg7 5. Bb5 e6 6. d3 Nge7 7. O-O O-O 8. Qe1 h6 9. e5 Nf5 10. Ne4 d5 11. Nxc5 Qb6 12. Bxc6 Qxc5+ 13. Kh1 Qxc6 14. c3 b6 15. d4 Bb7 16. g4 Ne7 17. h4 Ba6 18. Rg1 Bd3 19. Kh2 Be4 20. Nd2 f5 21. g5 h5 22. Rg3 b5 23. b4 a5 24. bxa5 Rxa5 25. Nb3 Ra7 26. Nc5 Rfa8 27. a3 Nc8 28. Bb2 Nb6 29. Bc1 Nc4 30. Nb3 Nxa3 31. Bxa3 Rxa3 32. Rxa3 Rxa3 33. Nc5 Ra2+ 34. Kh3 Bf8 35. Nxe4 dxe4 36. Rg2 Rxg2 37. Kxg2 e3+ 38. Kg3 Qe4 39. Qe2 b4 40. cxb4 Qxd4 41. b5 Bc5 42. Qa2 Qd5 43. Qxd5 exd5 44. Kf3 Kf7 45. Ke2 Ke7 46. Kd3 Kd7 47. Ke2 Kc7 48. Kd3 Kb6 49. e6 d4 50. Ke2 Kxb5 51. Kd3 Be7 52. Ke2 Kc4 0-1

[Event "2nd Silman TNM: u1600"]
[Site "San Francisco"]
[Date "2025.06.03"]
[Round "5.32"]
[White "Kojevnikov, Alexander"]
[Black "Cao, Danny Du Uy"]
[Result "1-0"]
[Annotator "\"Analyze This\" app"]
[WhiteElo "1044"]
[BlackElo "1167"]
[PlyCount "129"]
[GameId "2185277919065791"]
[EventDate "2025.??.??"]

1. e4 e6 2. d4 d5 3. exd5 exd5 4. c4 Nf6 5. Nc3 Be7 6. Nf3 O-O 7. Bd3 dxc4 8. Bxc4 Nbd7 9. O-O Nb6 10. Bb3 c6 {white 1 hr 33 min... black 1 hr 25 min} 11. Re1 Nbd5 12. Bg5 Be6 13. Bc2 Re8 14. Qd3 Nb4 15. Qd2 Nxc2 (15... Nfd5 16. Bxe7 Qxe7 17. Nxd5 cxd5 18. a3 Nxc2 19. Qxc2 Qf6) 16. Qxc2 h6 17. Bh4 Nd5 18. Bg3 Bf6 {white 1 hr 18 min... black 59 min} 19. Ne5 Ne7 20. Rad1 Nf5 21. Qd3 Nxg3 22. Qxg3 Qc7 (22... Qb6 23. Na4 Qb4 24. b3) 23. b3 Rad8 24. Ne4 Be7 {white 53 min... black 36 min} (24... Bxe5 25. dxe5 Rxd1 26. Rxd1 Rd8 27. Rxd8+ Qxd8 28. Nf6+ Kh8) 25. Nc5 Bxc5 (25... Bc8) 26. dxc5 Rd5 27. Rxd5 Bxd5 28. f4 Qa5 (28... f6 29. Nd3) 29. Qf2 f6 30. Nd3 Rxe1+ 31. Nxe1 (31. Qxe1 Qxe1+ 32. Nxe1 Be4) 31... Kf7 {white 40 min... black 21 min} 32. f5 Qc3 33. Nc2 Qb2 34. Ne3 Qb1+ (34... Qxf2+ 35. Kxf2 Be4) 35. Nf1 Be4 36. Qd4 (36. g4) 36... Bxf5 37. Qc4+ Be6 38. Qe2 Qg6 (38... Bf5) 39. Qd2 Bd5 40. Ne3 (40. Qa5 Qxg2#) 40... Qb1+ 41. Kf2 Qe4 {white 19 min... black 7 min} 42. Nxd5 Qxd5 (42... cxd5) 43. Qxd5+ cxd5 44. Ke3 Ke6 45. Kd4 f5 46. b4 g5 47. a4 f4 48. b5 g4 (48... b6 49. cxb6 axb6 50. a5) 49. a5 f3 {white 12 min .. black 5 min} 50. gxf3 gxf3 51. Ke3 d4+ (51... f2 52. Kxf2 d4) (51... Ke5) 52. Kxf3 Kd5 {is this the losing move} (52... a6 53. c6 bxc6 54. bxa6) (52... Kd7) 53. c6 bxc6 {black 4 min} (53... Kd6 {is this my last chance to not lose} 54. cxb7 Kc7 55. a6) 54. b6 axb6 (54... axb6 55. axb6) 55. a6 d3 56. a7 Kc4 (56... d2 57. Ke2) 57. a8=Q d2 58. Qxc6+ Kd3 59. Qe4+ (59. Qd5+ Kc2 60. Qe4+) 59... Kc3 60. Qe3+ Kc2 61. Qe2 Kc1 62. Qc4+ Kd1 63. Qd3 Kc1 (63... Ke1 64. Qb1+ (64. Qe2#) 64... d1=Q+ 65. Qxd1+ Kxd1) 64. Ke2 b5 65. Qxd2+ 1-0

[Event "2nd Silman TNM: u1600"]
[Site "San Francisco"]
[Date "2025.06.03"]
[Round "5.33"]
[White "Singer, Andrew"]
[Black "Burkhardt, Douglas Alan"]
[Result "1-0"]
[WhiteElo "1051"]
[BlackElo "863"]
[PlyCount "105"]
[GameId "2185671328270096"]
[EventDate "2025.??.??"]

1. e4 c6 2. d4 d5 3. Nc3 dxe4 4. Nxe4 Nf6 5. Qd3 Nxe4 6. Qxe4 Nd7 7. Nf3 Nf6 8. Qd3 e6 9. Be2 Be7 10. O-O O-O 11. Be3 Qc7 12. h3 b6 13. a3 Bb7 14. Bg5 h6 15. Bh4 Rad8 16. Qc3 c5 17. dxc5 g5 18. Bg3 Qxc5 19. Qxc5 Bxc5 20. h4 Ne4 21. Bh2 Nd2 22. Nxd2 Rxd2 23. Bd3 gxh4 24. Bf4 Rxd3 25. cxd3 Rd8 26. Rad1 Ba6 27. Bxh6 Bxd3 28. Rfe1 Rd5 29. Be3 Bd6 30. Rd2 f5 31. Red1 f4 32. Bxf4 Bxf4 33. Rxd3 Rxd3 34. Rxd3 Kf7 35. Rf3 e5 36. g3 h3 37. gxf4 Ke6 38. f5+ Kf6 39. Kh2 e4 40. Re3 Kxf5 41. Rxh3 Kg4 42. Rc3 Kf4 43. Kh3 a5 44. a4 Ke5 45. Rc6 Kf4 46. Kg2 Kg4 47. Rxb6 Kf4 48. Rb5 Kg4 49. Rxa5 e3 50. fxe3 Kh4 51. Ra8 Kg5 52. Rf8 Kg4 53. a5 1-0

[Event "2nd Silman TNM: u1600"]
[Site "San Francisco"]
[Date "2025.06.03"]
[Round "5.34"]
[White "Starr, Albert Martin"]
[Black "Chen, Bowie"]
[Result "1-0"]
[WhiteElo "1500"]
[BlackElo "1279"]
[PlyCount "69"]
[GameId "2185671328270097"]
[EventDate "2025.??.??"]

1. b4 d5 2. Bb2 Nc6 3. b5 Nb8 4. e3 c5 5. c4 d4 6. exd4 cxd4 7. d3 e5 8. Nf3 Bg4 9. Be2 Bxf3 10. Bxf3 Nd7 11. O-O Rb8 12. Nd2 Nc5 13. Nb3 Nf6 14. a4 b6 15. Re1 Bd6 16. Nxd4 O-O 17. Nc6 Qc7 18. Nxb8 Qxb8 19. g3 Ne6 20. Ba3 Bxa3 21. Rxa3 Qd6 22. Ra2 Nd4 23. a5 Nd7 24. axb6 axb6 25. Bg2 f5 26. Ra8 h6 27. Rxf8+ Nxf8 28. Bd5+ Kh8 29. Qh5 Ng6 30. Ra1 Ne7 31. Ra8+ Kh7 32. Qf7 f4 33. Be4+ Nef5 34. Bxf5+ Nxf5 35. Qxf5+ 1-0